Statistics for Billboard Top 100 2019

Click here to take the quiz!

General Stats

  • This quiz has been taken 19 times
  • The average score is 33 of 100

Answer Stats

NumberArtistSong% Correct
1Lil Nas X ft Billy Ray CyrusOld Town Road
100%
15Shawn Mendes & Camila CabelloSeñorita
89%
4Billie Eilishbad guy
83%
6Marshmello & BastilleHappier
83%
2Post Malone & Swae LeeSunflower (Spider-Man: Into The Spider-Verse)
83%
7Ariana Grande7 Rings
78%
22Maroon 5 ft Cardi BGirls Like You
78%
11Panic! At The DiscoHigh Hopes
78%
16Ed Sheeran & Justin BieberI Don't Care
78%
62Post MaloneCircles
72%
19Lady Gaga & Bradley CooperShallow
72%
10Jonas BrothersSucker
72%
13LizzoTruth Hurts
72%
43Taylor Swift ft Brendon UrieME!
67%
27Lewis CapaldiSomeone You Loved
67%
3HalseyWithout Me
67%
9Travis ScottSicko Mode
56%
12Ariana GrandeThank U, Next
56%
335 Seconds Of SummerYoungblood
56%
95Bazzi ft Camila CabelloBeautiful
50%
50Ed Sheeran ft KhalidBeautiful People
50%
40Lil Nas XPanini
50%
20KhalidBetter
44%
14Sam Smith & NormaniDancing With A Stranger
44%
69Cardi B, Bad Bunny, & J BalvinI Like It
44%
23Ava MaxSweet But Psycho
44%
91Dan + ShayTequila
44%
84Lil Baby & DaBabyBaby
39%
36Ariana GrandeBreak Up With Your Girlfriend, I'm Bored
39%
65Daddy Yankee & Katy Perry ft SnowCon Calma
39%
17benny blanco, Halsey, & KhalidEastside
39%
28Lil TeccaRan$om
39%
57DJ Snake ft Selena Gomez, Ozuna, & Cardi BTaki Taki
39%
8KhalidTalk
39%
39Taylor SwiftYou Need To Calm Down
39%
75PinkfongBaby Shark
33%
32Post MaloneBetter Now
33%
98Ariana Grande & Social HouseBoyfriend
33%
29Shawn MendesIf I Can't Have You
33%
48Juice WRLDLucid Dreams
33%
5Post MaloneWow.
33%
30Post Malone ft Young ThugGoodbyes
28%
61Panic! At The DiscoHey Look Ma, I Made It
28%
88Khalid & NormaniLove Lies
28%
44Bad Bunny ft DrakeMIA
28%
49Sheck WesMo Bamba
28%
47BluefaceThotiana
28%
70SHAEDTrampoline
28%
31Kodak Black ft Travis Scott & OffsetZEZE
28%
4221 SavageA Lot
22%
63Luke CombsBeer Never Broke My Heart
22%
72Ariana GrandeBreathin
22%
73Billie Eilishbury a friend
22%
58Ellie Goulding X Diplo ft Swae LeeClose To Me
22%
87Offset ft Cardi BClout
22%
53Blake SheltonGod's Country
22%
18Meek Mill ft DrakeGoing Bad
22%
93Megan Thee Stallion, Nicki Minaj, & Ty Dolla $ignHot Girl Summer
22%
25J. ColeMiddle Child
22%
38Cardi BMoney
22%
66YNW MellyMurder On My Mind
22%
21Chris Brown ft DrakeNo Guidance
22%
78Jonas BrothersOnly Human
22%
37Cardi B & Bruno MarsPlease Me
22%
100Juice WRLDRobbery
22%
35Dan + ShaySpeechless
22%
24DaBabySuge
22%
67Billie Eilishwhen the party's over
22%
60Lauren DaigleYou Say
22%
90Megan Thee Stallion ft DaBabyCash Sh*t
17%
26Lil Baby & GunnaDrip Too Hard
17%
83Sam SmithHow Do You Sleep?
17%
71Flipp DineroLeave Me Alone
17%
34Drake ft Rick RossMoney In The Grave
17%
76SaweetieMy Type
17%
45Polo G ft Lil TjayPop Out
17%
55Mustard & MigosPure Water
17%
92NLE ChoppaShotta Flow
17%
82A Boogie Wit Da Hoodie ft 6ix9ineSwervin
17%
64Young Thug, J Cole, & Travis ScottThe London
17%
80Ella MaiTrip
17%
51Gucci Mane X Bruno Mars X Kodak BlackWake Up In The Sky
17%
99P!nkWalk Me Home
17%
68City GirlsAct Up
11%
97Dan + ShayAll To Myself
11%
54Dean LewisBe Alright
11%
74Lil BabyClose Friends
11%
59CalboyEnvy Me
11%
41A Boogie Wit Da HoodieLook Back At It
11%
89Marshmello & Kane BrownOne Thing Right
11%
56Blanco BrownThe Git Up
11%
46Luke CombsBeautiful Crazy
6%
96Chase RiceEyes On You
6%
86Kane BrownGood As You
6%
79Luke BryanKnockin' Boots
6%
85Thomas RhettLook What God Gave Her
6%
81Lee BriceRumor
6%
94Florida Georgia LineTalk You Out Of It
6%
52Morgan WallenWhiskey Glasses
6%
77YK OsirisWorth It
6%

Score Distribution

Percentile by Number Answered

Percent of People with Each Score

Your Score History

You have not taken this quiz